LIBRARY ONLINE CATALOGUE

Elements of literature. (Record no. 8061)

MARC details
000 -LEADER
fixed length control field 00508cam a22001932 4500
001 - CONTROL NUMBER
control field 0000011846
005 - DATE AND TIME OF LATEST TRANSACTION
control field 20151217152101.0
008 - FIXED-LENGTH DATA ELEMENTS--GENERAL INFORMATION
fixed length control field 090113s xx 000 0 eng d
020 ## - INTERNATIONAL STANDARD BOOK NUMBER
International Standard Book Number 0030968291 :
040 ## - CATALOGING SOURCE
Original cataloging agency KABU
Transcribing agency KABU
245 10 - TITLE STATEMENT
Title Elements of literature.
250 ## - EDITION STATEMENT
Edition statement 1st ed.
260 ## - PUBLICATION, DISTRIBUTION, ETC. (IMPRINT)
Place of publication, distribution, etc. New York :
Name of publisher, distributor, etc. Holt,
Date of publication, distribution, etc. 1997.
300 ## - PHYSICAL DESCRIPTION
Extent xix, 812 p.
650 #0 - SUBJECT ADDED ENTRY--TOPICAL TERM
Topical term or geographic name as entry element English literature.
-- 0000152215
852 1# - LOCATION
-- p850 KES
908 ## - PUT COMMAND PARAMETER (RLIN)
Put command parameter 090113
950 ## - LOCAL HOLDINGS (RLIN)
-- 1
Holdings
Withdrawn status Lost status Source of classification or shelving scheme Not for loan Home library Current library Date acquired Total Checkouts Full call number Barcode Date last seen Date last checked out Price effective from Koha item type
    Library of Congress Classification   Kabarak, Main Campus Kabarak, Main Campus 17/12/2015 1 PN6014 .E44 1997 c. 1 16030 21/07/2017 15/07/2017 17/12/2015 General Collection